| 000 | 00964cam a22002893a 4500 | ||
|---|---|---|---|
| 001 | 16408841 | ||
| 003 | OSt | ||
| 005 | 20140310182035.0 | ||
| 008 | 950606s1995 nyuf 001 0 eng d | ||
| 010 | _a 97813603 | ||
| 020 |
_a0440218020 (pbk.) : _c$5.99 |
||
| 035 | _a(OCoLC)ocm32600786 | ||
| 040 |
_aKTP _cKTP _dSPP _dDLC |
||
| 050 | 0 | 0 |
_aBS 417 _b.Se467 1995 |
| 100 | 1 |
_aSellier, Charles E. _910665 |
|
| 245 | 1 | 0 |
_aAncient revelations of the Bible / _cCharles E. Sellier. |
| 260 |
_aNew York, N.Y. : _bDell Pub., _cc1995. |
||
| 300 |
_a312 p. ; _bill. ; _c18 cm. |
||
| 500 | _aSubtitle on cover: The thrilling discoveries that shatter centuries of doubt! | ||
| 500 | _a"A Dell book." | ||
| 500 | _aIncludes index. | ||
| 630 | 0 | 0 |
_aBible. _pO.T. _xHistory of Biblical events. _910666 |
| 710 | 2 |
_aCopyright Paperback Collection (Library of Congress) _5DLC _9705 |
|
| 906 |
_a7 _bcbc _ccopycat _d2 _encip _f19 _gy-genrareb |
||
| 942 |
_2lcc _cHS |
||
| 999 |
_c8671 _d8671 |
||